| 000 | 00845nam a22002297a 4500 | ||
|---|---|---|---|
| 005 | 20121207114728.0 | ||
| 008 | 121207t xxu||||| |||| 00| 0 eng d | ||
| 010 | _aENG-106279 | ||
| 020 |
_a9788184841626 _c1280.00 |
||
| 035 | _aEN-89812 | ||
| 037 | _bDBAD/PUB | ||
| 040 |
_aDPL _bEng |
||
| 082 | _a338.04 | ||
| 100 |
_954009 _aSharma, K.C. |
||
| 245 |
_aEntrepreneurship development / _cby K.C. Sharma ; foreworded by J.N. Sharma |
||
| 260 |
_aNew Delhi _bRegal Publications _c2012 |
||
| 270 |
_aF-159 Rajouri Garden _bNew Delhi _e110027 |
||
| 300 |
_aix,366p. _c23cm(Hb) |
||
| 500 | _aIncludes bibliographical references and index | ||
| 942 |
_2ddc _cEN _mSHA _h338.04 |
||
| 999 |
_c71934 _d71934 |
||